00731nam a22001937a 4500999001900000005001700019010001500036020002600051035001400077037001300091082001100104100001900115245005900134260004400193270012000237300002100357942002500378952013400403 c187446d18744620220419172732.0 aENG-132330 a9788193234563c375.00 aEN-115862 bDBAD/PUB a230.42 aPathak, Pramod aEthical Insights on Awakening The Soul/cPramod Pathak aNew DelhibOcean Publishing Housec2017 a66-B, Top Floor, Radhe Puri, Ext-1, Krishna Nagar (Opp PNB bank)bNew Delhie110051moceanpublsihinghouse@gmail.com a186p.c21cm(pbk) 2ddccENh230.42mPAT 001040708NFICaLbLd2022-04-19eDBAD/PUBg375.00l1m1o230.42 PATpEN-115862r2022-05-30 00:00:00s2022-04-27t1v375.00yEN